Xây dựng hệ thống lấy ý kiến phản hồi của sinh viên đối với giảng viên Trường Đại học Thủ Dầu Một

Cơ quan chủ trì: Đại học Thủ Dầu Một; Đề tài NCKH sinh viên khoa Kĩ Thuật - Công nghệ

में बचाया:
ग्रंथसूची विवरण
मुख्य लेखक: Cao, Đình Trí Hoàng
स्वरूप: पुस्तक
भाषा:Undetermined
प्रकाशित: Bình Dương 2015
विषय:
ऑनलाइन पहुंच:http://lrc.tdmu.edu.vn/opac/search/detail.asp?aID=2&ID=37111
टैग : टैग जोड़ें
कोई टैग नहीं, इस रिकॉर्ड को टैग करने वाले पहले व्यक्ति बनें!
Thư viện lưu trữ: Trung tâm Học liệu Trường Đại học Thủ Dầu Một
LEADER 00968nam a2200181Ia 4500
001 TDMU_37111
008 210410s9999 xx 000 0 und d
082 |a 305.89593 
090 |b C108 
100 |a Cao, Đình Trí Hoàng  
245 0 |a Xây dựng hệ thống lấy ý kiến phản hồi của sinh viên đối với giảng viên Trường Đại học Thủ Dầu Một 
245 0 |c Cao Đình Trí Hoàng; ThS. Võ Quốc Lương (hướng dẫn) 
260 |a Bình Dương 
260 |c 2015 
520 |a Cơ quan chủ trì: Đại học Thủ Dầu Một; Đề tài NCKH sinh viên khoa Kĩ Thuật - Công nghệ 
650 |a Báo cáo khoa học; Hệ thống  |x Ý kiến phản hồi  |x Chuyên ngành Công nghệ thông tin 
856 |u http://lrc.tdmu.edu.vn/opac/search/detail.asp?aID=2&ID=37111 
980 |a Trung tâm Học liệu Trường Đại học Thủ Dầu Một